Larousse Dictionnaire: Français Anglais (Record no. 958)

MARC details
005 - DATE AND TIME OF LATEST TRANSACTION
control field 20250319115508.0
020 ## - INTERNATIONAL STANDARD BOOK NUMBER
International Standard Book Number 978-2-03-583731-8
082 ## - DEWEY DECIMAL CLASSIFICATION NUMBER
Classification number 443 PIC
100 ## - MAIN ENTRY--PERSONAL NAME
Author name PICCI, G.
245 ## - TITLE STATEMENT
Title Larousse Dictionnaire: Franȧis Anglais
260 ## - PUBLICATION, DISTRIBUTION, ETC.
Place of publication, distribution, etc. Paris,
Name of publisher, distributor, etc. Larousse,
Date of publication, distribution, etc. 2007.
300 ## - PHYSICAL DESCRIPTION
Extent viii, 356p.
Dimensions 18cm.
942 ## - ADDED ENTRY ELEMENTS (KOHA)
Source of classification or shelving scheme Dewey Decimal Classification
Koha item type Books
Holdings
Date last seen Total checkouts Full call number Barcode Cost, replacement price Price effective from Koha item type Lost status Source of classification or shelving scheme Damaged status Not for loan Withdrawn status Home library Current library Shelving location Date acquired Cost, normal purchase price
07/01/2025   443 LAR DOM0004607 150000.00 07/01/2025 Books   Dewey Decimal Classification       CBE Dodoma CBE Dodoma General Collection 07/01/2009 50000.00
03/19/2025   443 PIC 0000003802 51969.00 03/19/2025 Books   Dewey Decimal Classification       College of Business Education Main Library College of Business Education Main Library General Collection 12/17/2007 17323.00
05/29/2025   443 PIC 0000008771 51969.00 05/29/2025 Books   Dewey Decimal Classification       College of Business Education Main Library College of Business Education Main Library Special Reserve Collection 12/17/2007 17323.00